|
|
|
|
| LEADER |
01553nam a2200385 a 4500 |
| 001 |
c000001780 |
| 003 |
CARM |
| 005 |
00000000000000.0 |
| 008 |
s1977 enk f00010 eng d |
| 015 |
|
|
|a B7802008
|
| 019 |
1 |
|
|a 2615240
|5 LACONCORD2021
|
| 020 |
|
|
|a 090565305X (Sd) :
|c L.0.25
|
| 035 |
|
|
|a (OCoLC)16435497
|5 LACONCORD2021
|
| 040 |
|
|
|d VSL
|
| 043 |
|
|
|a e-uk---
|
| 050 |
0 |
0 |
|a HN385
|
| 082 |
1 |
|
|a 352/.041
|2 19
|
| 082 |
0 |
4 |
|a 309.2/3/0941
|
| 100 |
1 |
|
|a Guthrie, Brian.
|
| 245 |
1 |
0 |
|a Planning /
|c [written by Brian Guthrie, Sue Boyd].
|
| 260 |
|
|
|a [London] :
|b [National Consumer Council],
|c [1977].
|
| 300 |
|
|
|a [1],12,[1]p ;
|c 25cm.
|
| 490 |
1 |
|
|a Booklet / National Consumer Council (Great Britain) ;
|v no. 2
|
| 500 |
|
|
|a '... produced in collaboration with the BBC and ... linked to the television series, "For the love of Albert", first broadcast in September and October 1977' - cover.
|
| 500 |
|
|
|a Available from [18 Queen Anne's Gate, SW1H 9AA].
|
| 650 |
|
0 |
|a Planning.
|
| 651 |
|
0 |
|a Great Britain
|x Social policy.
|
| 700 |
1 |
|
|a Boyd, Sue.
|
| 710 |
2 |
0 |
|a British Broadcasting Corporation.
|
| 710 |
2 |
0 |
|a National Consumer Council (Great Britain)
|
| 730 |
0 |
1 |
|a For the love of Albert (Television program)
|
| 830 |
|
0 |
|a Booklet (National Consumer Council (Great Britain)) ;
|v no. 2.
|
| 852 |
8 |
|
|b CARM
|h A2:AX00X0
|i X00000
|p 0042713
|f BK
|
| 999 |
f |
f |
|i 5b871a62-e94d-5edd-8f93-5f0de73e2b79
|s 12e68ffb-e93a-51fa-af64-30157c838076
|
| 952 |
f |
f |
|p Can circulate
|a CAVAL
|b CAVAL
|c CAVAL
|d CARM 1 Store
|e X00000
|f A2:AX00X0
|h Other scheme
|i book
|m 0042713
|